Jones law review

Detalles Bibliográficos
Autor Corporativo: Thomas Goode Jones School of Law
Formato: Seriadas
Lenguaje:inglés
Publicado: Montgomery, AL : Jones School of Law, Faulkner University, 1997-
Materias:
Acceso en línea:Acceso restringido

MARC

LEADER 00000nas a2200000 a 4500
005 20110922113657.0
007 cr |||||||||||
008 060508c19979999xxu|||||s ||| 0 ||eng|c
035 |a 3169 
040 |a vLex 
090 |c 2525  |d 2525 
245 0 0 |a Jones law review  |h [Recurso electrn̤ico] 
256 |a Servicio en ln̕ea. 
260 |a Montgomery, AL :  |b Jones School of Law, Faulkner University,  |c 1997- 
300 |a 1 recurso electrn̤ico 
310 |a Anual 
362 |a Nm︢. 1 Vol. 1 (1997) - 
500 |a Descripcin̤ hecha a partir de: Vol. 1, no. 1, (1997) 
506 1 |a Contenido solo disponible en los productos indicados  |d vLex Global  |d vLex Global (Academic Edition, excluding Law Schools)  |d vLex Global (Academic Edition, Law Schools) 
650 |a Derecho  |z Estados Unidos de Amřica  |x Revistas 
710 2 |a Thomas Goode Jones School of Law 
740 0 |a vLex Revistas (Servicio en ln̕ea) 
856 4 0 |z Acceso restringido  |u http://vlex.com/source/jones-law-review-3169 
942 |c REV